<?xml version="1.0" encoding="UTF-8"?>
<record
    xmlns:xsi="http://www.w3.org/2001/XMLSchema-instance"
    xsi:schemaLocation="http://www.loc.gov/MARC21/slim http://www.loc.gov/standards/marcxml/schema/MARC21slim.xsd"
    xmlns="http://www.loc.gov/MARC21/slim">

  <leader>00479nam a22001817a 4500</leader>
  <controlfield tag="003">0</controlfield>
  <controlfield tag="005">20230817130404.0</controlfield>
  <controlfield tag="008">230817b        xxu||||| |||| 00| 0 eng d</controlfield>
  <datafield tag="020" ind1=" " ind2=" ">
    <subfield code="a">978-621-427-096-5</subfield>
  </datafield>
  <datafield tag="050" ind1=" " ind2=" ">
    <subfield code="a">HD 31</subfield>
    <subfield code="b">.M37 2022</subfield>
  </datafield>
  <datafield tag="100" ind1=" " ind2=" ">
    <subfield code="a">Martin, Matt</subfield>
  </datafield>
  <datafield tag="245" ind1=" " ind2=" ">
    <subfield code="a">Fundamentals of management </subfield>
    <subfield code="c">Matt Martin</subfield>
  </datafield>
  <datafield tag="260" ind1=" " ind2=" ">
    <subfield code="a">Manila</subfield>
    <subfield code="b">Unlimited Books</subfield>
    <subfield code="c">c2022.</subfield>
  </datafield>
  <datafield tag="300" ind1=" " ind2=" ">
    <subfield code="a">viii, 551 pages ;</subfield>
    <subfield code="c">26 cm. </subfield>
  </datafield>
  <datafield tag="500" ind1=" " ind2=" ">
    <subfield code="a">Management. </subfield>
  </datafield>
  <datafield tag="650" ind1=" " ind2=" ">
    <subfield code="a">Management. </subfield>
  </datafield>
  <datafield tag="942" ind1=" " ind2=" ">
    <subfield code="2">lcc</subfield>
    <subfield code="c">BK</subfield>
  </datafield>
  <datafield tag="999" ind1=" " ind2=" ">
    <subfield code="c">365166</subfield>
    <subfield code="d">365166</subfield>
  </datafield>
  <datafield tag="952" ind1=" " ind2=" ">
    <subfield code="0">0</subfield>
    <subfield code="1">0</subfield>
    <subfield code="2">lcc</subfield>
    <subfield code="4">0</subfield>
    <subfield code="a">CL</subfield>
    <subfield code="b">CL</subfield>
    <subfield code="c">FIL</subfield>
    <subfield code="d">2023-08-17</subfield>
    <subfield code="e">Library Fund</subfield>
    <subfield code="k">FIL</subfield>
    <subfield code="l">0</subfield>
    <subfield code="o">HD 31 .M37 2022</subfield>
    <subfield code="p">C22905</subfield>
    <subfield code="r">2023-08-17 00:00:00</subfield>
    <subfield code="w">2023-08-17</subfield>
    <subfield code="y">BK</subfield>
  </datafield>
  <datafield tag="952" ind1=" " ind2=" ">
    <subfield code="0">0</subfield>
    <subfield code="1">0</subfield>
    <subfield code="2">lcc</subfield>
    <subfield code="4">0</subfield>
    <subfield code="a">CL</subfield>
    <subfield code="b">CL</subfield>
    <subfield code="c">FIL</subfield>
    <subfield code="d">2025-04-29</subfield>
    <subfield code="e">Library Fund</subfield>
    <subfield code="k">FIL</subfield>
    <subfield code="l">0</subfield>
    <subfield code="o">HD 31 .M37 2022</subfield>
    <subfield code="p">C24456</subfield>
    <subfield code="r">2025-04-29 00:00:00</subfield>
    <subfield code="w">2025-04-29</subfield>
    <subfield code="y">BK</subfield>
  </datafield>
  <datafield tag="952" ind1=" " ind2=" ">
    <subfield code="0">0</subfield>
    <subfield code="1">0</subfield>
    <subfield code="2">lcc</subfield>
    <subfield code="4">0</subfield>
    <subfield code="a">CL</subfield>
    <subfield code="b">CL</subfield>
    <subfield code="c">FIL</subfield>
    <subfield code="d">2025-04-29</subfield>
    <subfield code="e">Library Fund</subfield>
    <subfield code="k">FIL</subfield>
    <subfield code="l">0</subfield>
    <subfield code="o">HD 31 .M37 2022</subfield>
    <subfield code="p">C24457</subfield>
    <subfield code="r">2025-04-29 00:00:00</subfield>
    <subfield code="w">2025-04-29</subfield>
    <subfield code="y">BK</subfield>
  </datafield>
  <datafield tag="952" ind1=" " ind2=" ">
    <subfield code="0">0</subfield>
    <subfield code="1">0</subfield>
    <subfield code="2">lcc</subfield>
    <subfield code="4">0</subfield>
    <subfield code="a">CL</subfield>
    <subfield code="b">CL</subfield>
    <subfield code="c">FIL</subfield>
    <subfield code="d">2025-04-29</subfield>
    <subfield code="e">Library Fund</subfield>
    <subfield code="k">FIL</subfield>
    <subfield code="l">0</subfield>
    <subfield code="o">HD 31 .M37 2022</subfield>
    <subfield code="p">C24458</subfield>
    <subfield code="r">2025-04-29 00:00:00</subfield>
    <subfield code="w">2025-04-29</subfield>
    <subfield code="y">BK</subfield>
  </datafield>
</record>
